Metodología de diseño integral para comunidades sujetas a reasentamiento involuntario : prueba piloto con la comunidad de Parcelas, Buenos Aires, Puntarenas, afectada por las obras del Proyecto Hidroeléctrico El Diquís
保存先:
| 第一著者: | |
|---|---|
| その他の著者: | |
| フォーマット: | 不明 |
| 言語: | Spanish |
| 出版事項: |
[San José, Costa Rica]
2016
|
| 主題: |
PARTICIPACION COMUNITARIA - BUENOS AIRES (PUNTARENAS, COSTA RICA)
> DISEÑO ARQUITECTONICO - BUENOS AIRES (PUNTARENAS, COSTA RICA)
> DISEÑO URBANO - BUENOS AIRES (PUNTARENAS, COSTA RICA)
> URBANISMO - BUENOS AIRES (PUNTARENAS, COSTA RICA)
> PROYECTO HIDROELECTRICO EL DIQUIS (COSTA RICA)
> MIGRACION FORZADA - BUENOS AIRES (PUNTARENAS, COSTA RICA)
> REUBICACION (VIVIENDAS) - BUENOS AIRES (PUNTARENAS, COSTA RICA)
> REHABILITACION URBANA - BUENOS AIRES (PUNTARENAS, COSTA RICA)
|
| オンライン・アクセス: | https://cedi.ucr.ac.cr/arquitectura/metodologia-del-diseno-integral-para-comunidades-sujetas-a-reasentamiento-involuntario/ |
| タグ: |
タグ追加
タグなし, このレコードへの初めてのタグを付けませんか!
|
MARC
| LEADER | 00000 a2200000 4500 | ||
|---|---|---|---|
| 003 | EA0135 | ||
| 005 | 20230523140903.0 | ||
| 008 | 140114s2016 cr a 000 ||spa d | ||
| 040 | |c cru CEDI | ||
| 090 | |a TFG EA-135 | ||
| 100 | |a Arce Zúñiga, Alejandra |9 20237 | ||
| 245 | |a Metodología de diseño integral para comunidades sujetas a reasentamiento involuntario : prueba piloto con la comunidad de Parcelas, Buenos Aires, Puntarenas, afectada por las obras del Proyecto Hidroeléctrico El Diquís | ||
| 260 | |a [San José, Costa Rica] |c 2016 | ||
| 500 | |a Práctica dirigida (licenciatura en arquitectura)--Universidad de Costa Rica. Facultad de Ingeniería. Escuela de Arquitectura | ||
| 501 | |a Director de Práctica Dirigida de Graduación: Arq. Nicolás Murillo Rivas | ||
| 650 | |x PARTICIPACION COMUNITARIA - BUENOS AIRES (PUNTARENAS, COSTA RICA) |x DISEÑO ARQUITECTONICO - BUENOS AIRES (PUNTARENAS, COSTA RICA) |x DISEÑO URBANO - BUENOS AIRES (PUNTARENAS, COSTA RICA) |x URBANISMO - BUENOS AIRES (PUNTARENAS, COSTA RICA) |x PROYECTO HIDROELECTRICO EL DIQUIS (COSTA RICA) |x MIGRACION FORZADA - BUENOS AIRES (PUNTARENAS, COSTA RICA) |x REUBICACION (VIVIENDAS) - BUENOS AIRES (PUNTARENAS, COSTA RICA) |x REHABILITACION URBANA - BUENOS AIRES (PUNTARENAS, COSTA RICA) |9 20238 | ||
| 700 | |9 110 |a Murillo Rivas, Nicolás, 1945- |d Director del TFG | ||
| 856 | |u https://cedi.ucr.ac.cr/arquitectura/metodologia-del-diseno-integral-para-comunidades-sujetas-a-reasentamiento-involuntario/ |y https://cedi.ucr.ac.cr/arquitectura/metodologia-del-diseno-integral-para-comunidades-sujetas-a-reasentamiento-involuntario/ | ||
| 942 | |c CEDI |2 ddc | ||
| 999 | |c 12698 |d 12698 | ||
